00359nam a2200133Ia 4500003000400000008004100004040001600045082001600061100002500077245004700102260004500149300000800194650002300202GCL140319s9999 xx 000 0 eng d aGCL / cGCL04a862.08bG E1 aGALDOS, BENITO PEREZ10aEL DOCTAR CENTENO / cGALDOS, BENITO PEREZ a[S.N] : bEL LIBRO DE BOLSILLO ، c1985 a34904aSPANISH LITERATURE